La conspiración del tabaco = The Tobacco Conspiracy /
Documental consistente en una crítica abierta a la industria tabacalera, vista en su conjunto como un sector criminalmente negligente. El ramo tabacalero compenzó a ser puesto en tela de juicio desde la década de 1950, cuando fue hecha notoria y pública la incidencia del tabaquismo en diversos probl...
Tallennettuna:
| Päätekijä: | |
|---|---|
| Muut tekijät: | , , , , |
| Aineistotyyppi: | |
| Kieli: | englanti |
| Julkaistu: |
París, Francia : Canadá :
Kuiv Productions ; National Film Board of Canada,
2005, c2005
|
| Painos: | Versión abreviada |
| Sarja: | (Ideas Educativas. Adicciones)
|
| Aiheet: | |
| Tagit: |
Ei tageja, Lisää ensimmäinen tagi!
|
MARC
| LEADER | 00000ngm^a2200000^a^4500 | ||
|---|---|---|---|
| 001 | 000279676 | ||
| 005 | 20250521000000.0 | ||
| 009 | 20260310111442.227 | ||
| 037 | |a Acervo ITESO - Biblioteca | ||
| 041 | |a ING | ||
| 082 | |a 338. 17371 |b COL | ||
| 100 | |a Collot, Nadia |e (realización) | ||
| 245 | 1 | 3 | |a La conspiración del tabaco = |b The Tobacco Conspiracy / |c Realización de N. Collot. |
| 246 | 2 | |a También se conoce como Tabac, la conspiration | |
| 250 | |a Versión abreviada | ||
| 264 | 4 | |a París, Francia : |b Kuiv Productions ; |a Canadá : |b National Film Board of Canada, |c 2005, c2005 | |
| 264 | 2 | |a México : |b Quality Films [distribución], |c 2007, c2007 | |
| 300 | |a 1 DVD regiones 1 y 4 |c (52 min.) | ||
| 336 | |a imagen móvil bidimensional |b tdi |2 rdacontenido | ||
| 337 | |a video |b v |2 rdamedio | ||
| 338 | |a videodisco |b vd |2 rdasoporte | ||
| 440 | 1 | |a (Ideas Educativas. |p Adicciones) | |
| 520 | |a Documental consistente en una crítica abierta a la industria tabacalera, vista en su conjunto como un sector criminalmente negligente. El ramo tabacalero compenzó a ser puesto en tela de juicio desde la década de 1950, cuando fue hecha notoria y pública la incidencia del tabaquismo en diversos problemas de salud, pero también a partir de ese momento ha desarrollado acciones como acuerdos entre las distintas ramas del sector, el uso de la manipulación informativa o echar mano de la corrupción para conquistar mercados nacionales con regulaciones laxas en materia de salud pública. Largometraje dirigido por Nadia Collot, reducido en esta presentación en DVD a una versión con duración de mediometraje. | ||
| 520 | |a Suplementos y características especiales: | ||
| 546 | |a En inglés, con subtítulos opcionales: español | ||
| 546 | |a Doblaje opcional: español | ||
| 649 | |a XX | ||
| 650 | |a Documentales | ||
| 650 | |a Cortometrajes y Mediometrajes Canadienses | ||
| 650 | |a Cine Canadiense - |y 2000-2009 | ||
| 650 | |a Cine Canadiense - |y Siglo XXI | ||
| 650 | |a Cine de Mujeres - |z Canadá | ||
| 650 | |a Industria Tabacalera - |x Tema Principal | ||
| 650 | |a Tabaquismo | ||
| 650 | |a Adicciones | ||
| 650 | |a Corrupción | ||
| 650 | |a Problemas Sociales | ||
| 650 | |a Salud Pública | ||
| 650 | |a Publicidad | ||
| 650 | |a Promoción del Producto | ||
| 650 | |a Sociología de la Economía | ||
| 700 | |a Collot, Nadia |e (guión) | ||
| 700 | |a Ghiringhelli, Patrick |e (fotógrafo) | ||
| 700 | |a Mazurek, Maureen |e (montaje) | ||
| 700 | |a Schmid, Rene |e (música) | ||
| 700 | |a Collot, Nadia |e (conducción) | ||
| 910 | |a Fondo General | ||
| 920 | |a Audiovisuales - DVDs | ||
| 940 | |a Películas | ||
| 905 | |a 302 | ||
| 901 | |a 0500163004 |b IT2 |c DVS |u 20250521 | ||
| 902 | |a https://opac.biblio.iteso.mx/vufind/Record/000279676 | ||